Statistics for Sex Sells - Lovejoy (All Lyrics)

Click here to take the quiz!

General Stats

  • This quiz has been taken 417 times
    (416 since last reset)
  • The average score is 292 of 377

Answer Stats

Sex Sells% Correct
a
98%
A
98%
I
97%
the
96%
Verse 1 | Verse 2You
94%
you
94%
With
93%
with
93%
on
92%
she
92%
To
92%
to
92%
that
91%
Of
90%
of
90%
Know
89%
know
89%
sells
89%
sex
89%
OutroSex
89%
His
88%
his
88%
sleep
88%
So
88%
so
88%
be
87%
lights
86%
been
85%
sleeping
85%
do
84%
Do
84%
ChorusI've
84%
oh
84%
scared
84%
fuck
83%
not
83%
there
83%
But
82%
Capricorn
82%
it
82%
she's
82%
And
81%
and
81%
going
80%
he's
80%
flat
79%
lose
78%
They
78%
say
77%
daddy
76%
too
76%
never
75%
realise
75%
silver
75%
spoon
75%
think
75%
Tory
75%
boy
74%
far
74%
good
74%
kiss
74%
now
74%
Now
74%
social
74%
this
74%
he'd
73%
infatuated
73%
works
73%
your
73%
got
72%
policy
72%
was
72%
Council
71%
ideas
71%
red
71%
Red
71%
it's
70%
she'd
70%
missus
69%
dead
68%
floor
67%
loves
67%
pressed
67%
everything
66%
listen
65%
Swore
65%
carefully
64%
ears
64%
will
64%
at
63%
make
63%
BridgeWhere
63%
fall
62%
night?
62%
possessions
62%
sappy
62%
sucker
62%
As
61%
downstairs
61%
haven't
61%
How
61%
I'll
61%
open
61%
sad
61%
way
61%
flung
59%
needed
59%
doors
58%
ending
58%
knees
58%
tonight?
58%
truth
56%
could
55%
me
55%
ensure
54%
four
54%
gonna
54%
If
54%
my
54%
Or
54%
Pillows
54%
under
54%
easy?
53%
her
53%
off
53%
right?
53%
what's
50%
you've
50%
none
49%
let
48%
silence
48%
buy
47%
just
47%
feel
45%
feel?
45%
still
45%
Viagra
45%
loved?
44%
loved
44%
pills
44%
Please
44%
alone?
43%
man
43%
How's
41%
yet
41%
nightstand
40%
Verse 3Cultured
39%
wine
38%
club
37%
bands
33%
suntan
33%
Venetian
27%

Score Distribution

Percentile by Number Answered

Percent of People with Each Score

Your Score History

You have not taken this quiz since the last reset